00361 a2200097 4500001001000000005001700010008004100027245009400068100002100162773008000183ART_4549820260410161939.0260409a 10aMoney, interest rates, and monetarist policy: some more unpleasant monetarist arithmetic?1 aWray, L. Randall0 tJournal of post Keynesian economicsg- Vol. 15, NÂș 4 (jun. 1993)wREV26226